Ahsan i taqweem (Record no. 327454)
[ view plain ]
| 000 -LEADER | |
|---|---|
| fixed length control field | 00304 a2200133 4500 |
| 001 - CONTROL NUMBER | |
| control field | 92381 |
| 082 ## - DEWEY DECIMAL CLASSIFICATION NUMBER | |
| Classification number | 297.4 AHM |
| 090 ## - LOCALLY ASSIGNED LC-TYPE CALL NUMBER (OCLC); LOCAL CALL NUMBER (RLIN) | |
| -- | 44350 |
| -- | 44351 |
| 100 ## - MAIN ENTRY--PERSONAL NAME | |
| Personal name | Ahmad Rafiq Akhtar, Prof |
| 245 ## - TITLE STATEMENT | |
| Title | Ahsan i taqweem |
| 260 ## - PUBLICATION, DISTRIBUTION, ETC. | |
| Place of publication, distribution, etc. | Sange Meel |
| Name of publisher, distributor, etc. | Lahore |
| Date of publication, distribution, etc. | 2014 |
| 300 ## - PHYSICAL DESCRIPTION | |
| Extent | 254 p. |
| 600 ## - SUBJECT ADDED ENTRY--PERSONAL NAME | |
| Personal name | ahsan-e-taqween |
| 942 ## - ADDED ENTRY ELEMENTS (KOHA) | |
| Institution code [OBSOLETE] | CAE NUST |
| Call number prefix | 297.4 AHM |
| Withdrawn status | Lost status | Damaged status | Not for loan | Collection code | Permanent Location | Current Location | Date acquired | Total Checkouts | Full call number | Barcode | Date last seen | Price effective from | Koha item type |
|---|---|---|---|---|---|---|---|---|---|---|---|---|---|
| College of Aeronautical Engineering (CAE) | College of Aeronautical Engineering (CAE) | 04/03/2017 | 297.4 AHM | CAE88633 | 04/05/2017 | 04/05/2017 | Book |
